Minecraft Java Edition Advancements (Adventure) - Statistics

General Stats
  • This quiz has been taken 8 times
  • The average score is 3 of 20
Answer Stats
Description Advancement % Correct
Adventure, exploration, and combat Adventure
100%
Successfully defend a village from a raid Hero of the Village
50%
Kill a raid captain. Maybe consider staying away from villages for the time being... Voluntary Exile
50%
Throw a trident at something. Note: throwing away your only weapon is not a good idea. A Throwaway Joke
17%
Kill any hostile monster Monster Hunter
17%
Shoot a crossbow Ol' Betsy
17%
Jump into a honey block to break your fall Sticky Situation
17%
Sleep in a bed to change your respawn point Sweet Dreams
17%
Successfully trrade with a Villager What a Deal!
17%
Discover every biome Adventuring Time
0%
Kill five unique mobs with one crossbow shot Arbalistic
0%
Hit the bullseye of a target block from at least thirty minutes away Bullseye
0%
Summon an Iron Golem to help defend a village Hired Help
0%
Kill one of every hostile monster Monsters Hunted
0%
Use a Totem of Undying to cheat death Postmortal
0%
Kill a skeleton from at least 50 meters away Sniper Duel
0%
Shoot something with an arrow Take Aim
0%
Kill two Phantoms with a piercing arrow Two Birds, One Arrow
0%
Strike a Villager with lightning Very Very Frightening
0%
Give a pillager a taste of their own medicine Who's the Pillager Now?
0%
No matching quizzes found
Score Distribution
Percent of People with Each Score
Percentile by Number Answered
Your Score History
You have not taken this quiz